• 首页
  • 本馆介绍
  • 公告通知
  • 最新文献
  • 馆藏检索
  • 电子资源
  • 读者导购
  • 参考咨询
  • 我的图书馆
  • 登录
  • 详细信息显示
  • 放入我的书架
  • 预约/预借图书
  • 作者相关作品
  • 分类相关作品
  • 丛书相关作品
  • 出版社相关作品

书目信息

  • 表格格式
  • 工作单格式
  • 卡片格式
题名:
X射线与紫外光电子能谱
    
 
作者: 布里格斯 编著 ;桂琳琳 译
分册:  
出版信息: 北京   北京大学出版社  1984.2
页数: 433页
开本: 20cm
丛书名:
单 册:
中图分类: O434.13
科图分类:
主题词: 光学
电子资源:
ISBN:
000 00585nam0 2200193 45
001 0312221749
005 20060518093140.89
010    @dCNY1.85
100    @a20031222d1984 km y0chiy0120 ea
101    @achi
200 1  @aX射线与紫外光电子能谱@AX She Xian Yu Zi Wai Guang Dian Zi Neng Pu@f(英)D·布里格斯等编著@F(ying)D·bu li ge si deng bian zhu@g桂琳琳等译
210    @a北京@c北京大学出版社@d1984.2
215    @a433页@d20cm
606 0  @a光学
690    @aO434.13@v3
701 0  @a布里格斯@Abu li ge si@4编著
702 0  @a桂琳琳@4译
801    @aCN@bTSTCL@c20060518
905    @dO434.13@e30
    
    X射线与紫外光电子能谱/(英)D·布里格斯等编著/桂琳琳等译.-北京:北京大学出版社,1984.2
    433页;20cm
    
    
    ISBN :CNY1.85
    
●
相关链接 在E读中查询图书 在五车中查询图书 在当当中查询图书 在豆瓣中查询图书


正题名:X射线与紫外光电子能谱     索取号:O434.13/30         预约/预借

序号 登录号 条形码 馆藏地/架位号 状态 备注
1 0117611   001462900   第三借阅区/ [索取号:O434.13/30] 在馆    
2 0117612   001462919   第三借阅区/ [索取号:O434.13/30] 在馆    
3 0117613   202098434   第二样本阅览室/ [索取号:O434.13/30] 在馆    
4 0118325   202343160   密集书库/ [索取号:O434.13/30] 在馆    
5 0118326   202343204   密集书库/ [索取号:O434.13/30] 在馆    
6 0118327   202343213   密集书库/ [索取号:O434.13/30] 在馆    
唐山师范学院图书馆 欢迎您!
大连网信软件有限公司© 版权所有